Bernarda Alba : (Record no. 1891)

MARC details
000 -LEADER
fixed length control field 02705cjm a2200601 a 4500
001 - CONTROL NUMBER
control field data
005 - DATE AND TIME OF LATEST TRANSACTION
control field 20260322212123.0
007 - PHYSICAL DESCRIPTION FIXED FIELD--GENERAL INFORMATION
fixed length control field data
008 - FIXED-LENGTH DATA ELEMENTS--GENERAL INFORMATION
fixed length control field data
035 ## - SYSTEM CONTROL NUMBER
System control number 20538931
010 ## - LIBRARY OF CONGRESS CONTROL NUMBER
LC control number 2018622367
024 1# - OTHER STANDARD IDENTIFIER
Standard number or code 791558441222
028 02 - PUBLISHER OR DISTRIBUTOR NUMBER
Publisher or distributor number 7915584412-2
Source Ghostlight Records
033 00 - DATE/TIME AND PLACE OF AN EVENT
Formatted date/time 20060327
Geographic classification area code 3804
Geographic classification subarea code N4
035 ## - SYSTEM CONTROL NUMBER
System control number (OCoLC)70833953
040 ## - CATALOGING SOURCE
Original cataloging agency CPL
Language of cataloging eng
Transcribing agency CPL
Modifying agency DLC
-- LS1
-- OCLCF
-- OCLCQ
-- ELW
-- OCLCO
-- OCL
-- OCLCA
-- DLC
042 ## - AUTHENTICATION CODE
Authentication code lccopycat
050 00 - LIBRARY OF CONGRESS CALL NUMBER
Classification number SDD 00277
082 04 - DEWEY DECIMAL CLASSIFICATION NUMBER
Classification number 782.14
Edition information 22
100 1# - MAIN ENTRY--PERSONAL NAME
Personal name LaChiusa, Michael John.
245 10 - TITLE STATEMENT
Title Bernarda Alba :
Remainder of title a musical /
Statement of responsibility, etc. by Michael John LaChiusa ; [based on the play The house of Bernarda Alba by Federico García Lorca].
260 ## - PUBLICATION, DISTRIBUTION, ETC.
Place of publication, distribution, etc. New York, NY :
Name of publisher, distributor, etc. Ghostlight Records,
Date of publication, distribution, etc. ℗2006.
300 ## - PHYSICAL DESCRIPTION
Extent 1 audio disc :
Other physical details digital ;
Dimensions 4 3/4 in.
336 ## - CONTENT TYPE
Content type term performed music
Content type code prm
Source rdacontent
337 ## - MEDIA TYPE
Media type term audio
Media type code s
Source rdamedia
338 ## - CARRIER TYPE
Carrier type term audio disc
Carrier type code sd
Source rdacarrier
500 ## - GENERAL NOTE
General note Michael Starobin, orchestrations.
500 ## - GENERAL NOTE
General note Compact disc.
500 ## - GENERAL NOTE
General note Program notes by Ira Weitzman, synopsis, and libretto ([28] p. : ports.) inserted in container.
505 00 - FORMATTED CONTENTS NOTE
Miscellaneous information Finale.
Title Open the door --
-- On the day that I marry ;
-- Bernarda's prayer --
-- Love, let me sing you --
-- Let me go to the sea --
-- Magdalena --
-- Angustias --
-- Amelia --
-- Martirio --
-- Adela --
-- I will dream of what I saw --
-- Poncia --
-- Limbrada's daughter --
-- One Moorish girl ;
-- The smallest stream --
-- The mare and the stallion --
-- Lullaby --
-- Open the door --
Miscellaneous information Finale.
511 0# - PARTICIPANT OR PERFORMER NOTE
Participant or performer note Phylicia Rashad, Saundra Santiago, Judith Blazer, Sally Murphy, Daphne Rubin-Vega, Nikki M. James, Yolande Bavan, Candy Buckley, Laura Shoop, and Nancy Ticotin, vocals ; instrumental ensemble ; Deborah Abramson, conductor, synthesizer.
518 ## - DATE/TIME AND PLACE OF AN EVENT NOTE
Date/time and place of an event note Recorded Mar. 27, 2006, at Right Track Studio A509, New York.
650 #0 - SUBJECT ADDED ENTRY--TOPICAL TERM
Topical term or geographic name entry element Musicals.
650 #7 - SUBJECT ADDED ENTRY--TOPICAL TERM
Topical term or geographic name entry element Musicals.
Source of heading or term fast
Authority record control number or standard number (OCoLC)fst01030814
655 #7 - INDEX TERM--GENRE/FORM
Genre/form data or focus term Musicals.
Source of term fast
Authority record control number or standard number (OCoLC)fst01726680
655 #7 - INDEX TERM--GENRE/FORM
Genre/form data or focus term Musicals.
Source of term lcgft
700 1# - ADDED ENTRY--PERSONAL NAME
Personal name Starobin, Michael.
Relationship arr
700 1# - ADDED ENTRY--PERSONAL NAME
Personal name Rashad, Phylicia,
Dates associated with a name 1948-
Relationship prf
700 1# - ADDED ENTRY--PERSONAL NAME
Personal name Santiago, Saundra.
Relationship prf
700 1# - ADDED ENTRY--PERSONAL NAME
Personal name Blazer, Judith.
Relationship prf
700 1# - ADDED ENTRY--PERSONAL NAME
Personal name Murphy, Sally.
Relationship prf
700 1# - ADDED ENTRY--PERSONAL NAME
Personal name Rubin-Vega, Daphne.
Relationship prf
700 1# - ADDED ENTRY--PERSONAL NAME
Personal name James, Nikki.
Relationship prf
700 1# - ADDED ENTRY--PERSONAL NAME
Personal name Bavan, Yolande.
Relationship prf
700 1# - ADDED ENTRY--PERSONAL NAME
Personal name Buckley, Candy.
Relationship prf
700 1# - ADDED ENTRY--PERSONAL NAME
Personal name Shoop, Laura.
Relationship prf
700 1# - ADDED ENTRY--PERSONAL NAME
Personal name Ticotin, Nancy.
Relationship prf
700 1# - ADDED ENTRY--PERSONAL NAME
Personal name Abramson, Deborah.
Relationship prf
-- prf
700 1# - ADDED ENTRY--PERSONAL NAME
Personal name García Lorca, Federico,
Dates associated with a name 1898-1936.
Title of a work Casa de Bernarda Alba.
906 ## - LOCAL DATA ELEMENT F, LDF (RLIN)
a 7
b cbc
c copycat
d 2
e ncip
f 20
g y-soundrec
925 0# -
-- acquire
-- 2 shelf copies
-- policy default
Holdings
Withdrawn status Lost status Damaged status Not for loan Home library Current library Shelving location Date acquired Total checkouts Full call number Barcode Date last seen Price effective from Koha item type
        Troy Troy General stacks 22/03/2026   782.14 LOC-TPL-00023 22/03/2026 22/03/2026 Books